Imidž maloobchodnej jednotky autoreferát dizertačnej práce na získanie vedecko-akademickej hodnosti Ph.D. v odbore dokt. štúdia 62-03-9 Odvetvové a prierezové ekonomiky v špecializácii: Ekonomika obchodu a priemyslu
Enregistré dans:
| Auteur principal: | |
|---|---|
| Collectivité auteur: | |
| Format: | Livre |
| Langue: | slovaque |
| Publié: |
Bratislava
1998
|
| Sujets: | |
| Tags: |
Pas de tags, Soyez le premier à ajouter un tag!
|
MARC
| LEADER | 00000nam a2200000 4500 | ||
|---|---|---|---|
| 001 | c117419 | ||
| 005 | 20221123132907.2 | ||
| 041 | 0 | |a slo | |
| 044 | |a SK | ||
| 245 | 1 | 0 | |a Imidž maloobchodnej jednotky |b autoreferát dizertačnej práce na získanie vedecko-akademickej hodnosti Ph.D. v odbore dokt. štúdia 62-03-9 Odvetvové a prierezové ekonomiky v špecializácii: Ekonomika obchodu a priemyslu |c Vanda Lieskovská |
| 264 | 1 | |a Bratislava |c 1998 | |
| 300 | |a 19 s. | ||
| 610 | 2 | 0 | |a imidž |
| 610 | 2 | 0 | |a maloobchod |
| 610 | 2 | 0 | |a jednotka podnikateľská |
| 610 | 2 | 0 | |a ciele podnikové |
| 610 | 2 | 0 | |a výskum dopytu |
| 610 | 2 | 0 | |a analýzy |
| 610 | 2 | 0 | |a predaj |
| 610 | 2 | 0 | |a sortiment tovaru |
| 610 | 2 | 0 | |a nákup |
| 610 | 2 | 0 | |a služby obchodné |
| 610 | 2 | 0 | |a podnikanie malé |
| 610 | 2 | 0 | |a podnikanie obchodné |
| 610 | 2 | 0 | |a podnikatelia |
| 100 | 1 | |a Lieskovská, Vanda, 1961- | |
| 710 | 2 | |a Ekonomická univerzita v Bratislave. Obchodná fakulta | |